SĽUK. Umelecká scéna programový plagát : jún 1992

Zobrazenie: na ružovom podklade text čiernej farby, v hornej časti názov veľkými bieločiernymi písmenami

Bibliographic Details
Format: Photo
Language:Slovak
PhysicalDescription:1 plagát farebný 60 x 86 cm
Published: [Slovensko?] [vydavateľ neznámy?] [1992]
Subjects:

MARC

LEADER 00000nkm a2200000 4500
001 vtls011883799
003 SK-MaSNL
005 20260301185040.0
007 kf co
008 240409q1987 xo g 00 k|slo
015 |a SNBG1987 
035 |a urn:nbn:sk:snk-km00ecjq 
035 |a urn:nbn:sk:snk-km43eni 
035 |a 5B2ED057-99D9-471D-9E33-F15C4B73F481 
040 |a SNK  |b slo  |c SNK  |e rda 
041 0 |a slo 
044 |a xo  |c SK 
072 7 |a 7.01/.09  |x Umenie  |2 konspekt 
080 |a 7.071  |2 2001 
080 |a (084.5)  |2 2011 
245 0 0 |a SĽUK. Umelecká scéna  |h grafika  |b programový plagát : jún 1992 
264 1 |a [Slovensko?]  |b [vydavateľ neznámy?]  |c [1992] 
300 |a 1 plagát  |b farebný  |c 60 x 86 cm 
336 |a statický obraz  |b sti  |2 rdacontent 
336 |a text  |b txt  |2 rdacontent 
337 |a bez média  |b n  |2 rdamedia 
338 |a list  |b nc  |2 rdacarrier 
500 |a Dátum vydania nie je určený. 
520 |a Zobrazenie: na ružovom podklade text čiernej farby, v hornej časti názov veľkými bieločiernymi písmenami 
650 0 7 |a umelecké súbory  |2 SNKPH  |9 82709 
655 7 |a plagáty  |2 SNKPH  |9 70571 
852 |a Slovenská národná knižnica v Martine 
958 |a CP 
958 |a TL 
999 |c 862602  |d 864532 
952 |a SNKLM  |b SNKLM  |y PREZ  |7 0  |p 17A1262388  |o snklm L 2094  |i snklm 194/93  |8 7  |0 0  |1 0  |4 0  |d 2019-08-27  |f 1  |l 0  |r 2026-02-24 05:16:57  |w 2026-02-24